Elaboración de tesis, tesinas y trabajos finales (Registro nro. 1365)
[ vista simple ]
| 000 -LEADER | |
|---|---|
| fixed length control field | 01603 a2200337 4500 |
| 001 - CONTROL NUMBER | |
| control field | 25321 |
| 005 - DATE AND TIME OF LATEST TRANSACTION | |
| control field | 20260407155537.0 |
| 008 - FIXED-LENGTH DATA ELEMENTS--GENERAL INFORMATION | |
| fixed length control field | 260407a2013 arg spa d |
| 003 - CONTROL NUMBER IDENTIFIER | |
| control field | AR-UNSa-BCEJYS |
| 040 ## - CATALOGING SOURCE | |
| Original cataloging agency | AR-UNSa-BCEJYS |
| Language of cataloging | spa |
| Transcribing agency | AR-UNSa-BCEJYS |
| 080 ## - UNIVERSAL DECIMAL CLASSIFICATION NUMBER | |
| Universal Decimal Classification number | 001.8 |
| Common auxiliary subdivision | Metodología. Estudio general del método. Procedimientos científicos y técnicos para el estudio, La investigación y la discusión |
| 020 ## - INTERNATIONAL STANDARD BOOK NUMBER | |
| International Standard Book Number | 978-987-538-360-9 |
| 041 ## - LANGUAGE CODE | |
| Language code of text/sound track or separate title | spa |
| 100 1# - MAIN ENTRY--PERSONAL NAME | |
| Personal name | Iglesias, Gabriela |
| 245 10 - TITLE STATEMENT | |
| Title | Elaboración de tesis, tesinas y trabajos finales |
| Name of part/section of a work | diferentes modalidades, pautas metodológicas, indicadores de evaluación |
| 264 #1 - PRODUCTION, PUBLICATION, DISTRIBUTION, MANUFACTURE, AND COPYRIGHT NOTICE | |
| Place of production, publication, distribution, manufacture | Buenos Aires : |
| Name of producer, publisher, distributor, manufacturer | Noveduc |
| Date of production, publication, distribution, manufacture, or copyright notice | 2013 |
| 300 ## - PHYSICAL DESCRIPTION | |
| Extent | 205 p. |
| Dimensions | 28 cm. |
| 505 ## - FORMATTED CONTENTS NOTE | |
| Formatted contents note | 1. Sobre tesis, tesinas y trabajos finales - 2. La evaluación como práctica social institucionalizada - 3. Géneros discursivos - 4. La investigación científica - 5. La propuesta de intervención - 6. La auditoría de comunicación - 7. La comunicación publicitaria - 8. La investigación de mercados - 9. El plan de negocios - 10. Fundamentos e importancia de los mapas conceptuales para la representación y trasmisión del conocimiento |
| 590 ## - LOCAL NOTE (RLIN) | |
| Local note | niveau_biblio:m niveau_hierar:0 |
| 700 1# - ADDED ENTRY--PERSONAL NAME | |
| Personal name | Resala, Graciela |
| 700 1# - ADDED ENTRY--PERSONAL NAME | |
| Personal name | Adamovsky, Gustavo |
| 700 1# - ADDED ENTRY--PERSONAL NAME | |
| Personal name | Amado Suárez, Adriana |
| 700 1# - ADDED ENTRY--PERSONAL NAME | |
| Personal name | Bernhardt, Florencia |
| 700 1# - ADDED ENTRY--PERSONAL NAME | |
| Personal name | Bongiovanni, Maximiliano |
| 700 1# - ADDED ENTRY--PERSONAL NAME | |
| Personal name | Etkin, María Eugenia |
| 700 1# - ADDED ENTRY--PERSONAL NAME | |
| Personal name | Gabrinetti, Mariana |
| 700 1# - ADDED ENTRY--PERSONAL NAME | |
| Personal name | Peña, Gonzalo Diego |
| 700 1# - ADDED ENTRY--PERSONAL NAME | |
| Personal name | Rodríguez, Rubén José |
| 700 1# - ADDED ENTRY--PERSONAL NAME | |
| Personal name | Vázquez, Norberto Osvaldo |
| 942 ## - ADDED ENTRY ELEMENTS (KOHA) | |
| Koha item type | |
| Withdrawn status | Lost status | Damaged status | Not for loan | Home library | Current library | Shelving location | Date acquired | Total checkouts | Full call number | Barcode | Date last seen | Price effective from | Koha item type |
|---|---|---|---|---|---|---|---|---|---|---|---|---|---|
| Biblioteca Prof. Eusebio Cleto del Rey | Biblioteca Prof. Eusebio Cleto del Rey | 07/04/2026 | 001.8 I24 | L119814 | 07/04/2026 | 07/04/2026 | Libro | ||||||
| Biblioteca Prof. Eusebio Cleto del Rey | Biblioteca Prof. Eusebio Cleto del Rey | 07/04/2026 | 001.8 I24 | L126759 | 07/04/2026 | 07/04/2026 | Libro | ||||||
| Biblioteca Prof. Eusebio Cleto del Rey | Biblioteca Prof. Eusebio Cleto del Rey | 07/04/2026 | 001.8 I24 | L126760 | 07/04/2026 | 07/04/2026 | Libro |